13 Reasons Why Quiz - Statistics

General Stats
  • This quiz has been taken 4,046 times
  • The average score is 11 of 20
Answer Stats
Question Answer % Correct
How many reasons are there why she committed suicide? 13
99%
Who was the only person on the tapes that did not make Hannah sucidial? Clay
94%
Whose death is the show based around? Hannah's
93%
Who is the first person on the tapes? Justin
90%
Who did Alex date briefly? Jessica
89%
Who did Hannah trust to ensure the rules of the tapes weren't broken? Tony
86%
Who lost the drinking challenge outside the shop? Alex
69%
What did Cherri knock down causing the death of Jeff? Stop sign
67%
Who found Hannah after she killed herself? Her mom
66%
Who took Hannah on her Dollar Valentine date? Marcus
54%
What drug did Bryce take quite oftenly? Weed
47%
What was the name of the coffee place Alex, Jessica and Hannah used to go to? Monet's
42%
What happened at Eisenhower Park between Hannah and Justin They kissed
42%
How did Jeff's parents think he died? Drunk driving
39%
What was their catchphrase when they held hands FML
38%
What make of headphones did Clay use whilst listening to the tapes? Beats
35%
Who was Hannah's only "real friend"? Kat
27%
Why did they broke up He made a list of girl's best features
21%
What class were they in when the picture of Hannah on the slide was sent to everyone? Communications
15%
What did Jessica break by throwing it down in anger Light
9%
No matching quizzes found
Score Distribution
Percent of People with Each Score
Percentile by Number Answered
Your Score History
You have not taken this quiz